Szczegóły MARC21

The Columbia Reader on lesbians and gay men in media, society and politics /

003 -Nazwa inst., której nr kontr. jest w polu 001 [,]
    • @
    • Nazwa instytucji, której n kontrolny jest w polu 001
    • NUKAT
005 -DATA I CZAS OSTATNIEJ MODYFIKACJI [,]
    • @
    • pole kontrolne
    • 20260421211859.0
020 -Międzynarod. znormalizowany nr książki - ISBN [ , ]
    • a
    • Numer ISBN
    • 0231104464 Find
020 -Międzynarod. znormalizowany nr książki - ISBN [ , ]
    • a
    • Numer ISBN
    • 0231104472 Find
    • q
    • Dopowiedzenie
    • pbk.
040 -Instytucja sporządzająca opis [ , ]
    • a
    • Instytucja, która sporządziła opis (NP)
    • WA U/JS
    • c
    • Instytucja, która sporządziła rekord (NP)
    • WA U/JS
    • d
    • Instytucja, która zmodyfikowała rekord (P)
    • WA U/EBA
942 -Rodzaj dokumentu [ , ]
    • c
    • Rodzaj dokumentu
    • Książka
245 -Strefa tytułu i oznaczenia odpowiedzialności [0,4]
    • a
    • Tytuł
    • The Columbia Reader on lesbians and gay men in media, society and politics / Find
    • c
    • Pozostałe elementy strefy tytułu i oznaczenia odpowiedzialności (NP)
    • ed. and with introd. by Larry Gross and James D. Woods.
260 -Strefa adresu wydawniczego [ , ]
    • a
    • Miejsce wydania (P)
    • New York :
    • b
    • Nazwa wydawcy (P)
    • Columbia University Press,
    • c
    • Data wydania (P)
    • cop. 1999.
300 -Strefa opisu fizycznego [ , ]
    • a
    • Określenie formy książki i/lub objętość (NP)
    • a XX, 665 s. ;
    • c
    • Format (NP)
    • 26 cm.
336 -Typ zawartości [ , ]
    • a
    • Termin opisujący typ zawartości
    • Tekst
    • b
    • Kod określający zawartość
    • txt
    • 2
    • Źródło (terminu i kodu)
    • rdacontent
337 -Typ mediów [ , ]
    • a
    • Tryb odtwarzania
    • Bez urządzenia pośredniczącego
    • b
    • Kod typu mediów
    • n
    • 2
    • Źródło (terminu i kodu)
    • rdamedia
338 -Typ/rodzaj nośnika [ , ]
    • a
    • Hasło opisujące typ nośnika
    • Wolumin
    • b
    • Kod typu nośnika
    • nc
    • 2
    • Źródło (terminu i kodu)
    • rdacarrier
490 -Strefa serii i książki wielotomowej - forma nie do wyszukiwania [1, ]
    • a
    • Tytuł (P)
    • Between Men - Between Women : lesbian and gay studies Find
830 -Hasło dodatkowe serii i opisu książki wielotomowej - tytuł ujednolicony/tytuł [ ,0]
    • a
    • Tytuł ujednolicony/tytuł (NP)
    • Between Men - Between Women
    • 9
    • KHW
    • 649356
504 -Uwaga dot. bibliogr. załącznikowej [ , ]
    • a
    • Uwaga dot. bibliografii załącznikowej
    • Bibliogr. przy rozdz.
080 -Uniwersalna Klasyfikacja Dziesiętna [ , ]
    • 2
    • Identyfikator wydania tablic
    • UDC-P058
    • a
    • Symbol klasyfikacji
    • 316.77
    • b
    • Dopowiedzenie
    • Socjologia komunikowania. Komunikacja społeczna. Wpływ środków masowego przekazu, decydentów, cenzury. Sprzężenie zwrotne komunikowania. Kultura audiowizualna.
    • x
    • Poddział wspólny
    • (73)
    • b
    • Dopowiedzenie
    • (Stany Zjednoczone Ameryki Północnej. USA).
    • x
    • Poddział wspólny
    • "1980/..."
    • b
    • Dopowiedzenie
    • Od 1980.
    • x
    • Poddział wspólny
    • =111
    • b
    • Dopowiedzenie
    • =Język angielski.
080 -Uniwersalna Klasyfikacja Dziesiętna [ , ]
    • 2
    • Identyfikator wydania tablic
    • UDC-P058
    • a
    • Symbol klasyfikacji
    • 316.7
    • b
    • Dopowiedzenie
    • Socjologia kultury. Kulturowy kontekst życia społecznego. Antropologia społeczna. Kultura różnych społeczeństw. Cywilizacja. Podkultury. Subkultury. Kultura masowa. Kultury różnych grup. Dynamika kultury. Akulturacja. Zmiana kulturowa. Rozprzestrzenianie się kultury. Sankcje społeczne. Uspołecznianie zachowań.
    • x
    • Poddział wspólny
    • (73)
    • b
    • Dopowiedzenie
    • (Stany Zjednoczone Ameryki Północnej. USA).
    • x
    • Poddział wspólny
    • "1980/..."
    • b
    • Dopowiedzenie
    • Od 1980.
    • x
    • Poddział wspólny
    • =111
    • b
    • Dopowiedzenie
    • =Język angielski.
080 -Uniwersalna Klasyfikacja Dziesiętna [ , ]
    • 2
    • Identyfikator wydania tablic
    • UDC-P058
    • a
    • Symbol klasyfikacji
    • 316.837
    • b
    • Dopowiedzenie
    • Stosunki homoseksualne. Geje. Lesbijki.
    • x
    • Poddział wspólny
    • (73)
    • b
    • Dopowiedzenie
    • (Stany Zjednoczone Ameryki Północnej. USA).
    • x
    • Poddział wspólny
    • "1980/..."
    • b
    • Dopowiedzenie
    • Od 1980.
    • x
    • Poddział wspólny
    • =111
    • b
    • Dopowiedzenie
    • =Język angielski.
650 -Hasło przedmiotowe [ ,7]
    • a
    • Hasło przedmiotowe
    • Lesbijki
    • z
    • Określnik geograficzny
    • Stany Zjednoczone.
    • 2
    • Źródło terminu
    • kaba
    • 9
    • KHW
    • 149010
650 -Hasło przedmiotowe [ ,7]
    • a
    • Hasło przedmiotowe
    • Lesbijki
    • x
    • Określnik rzeczowy
    • w mass mediach.
    • 2
    • Źródło terminu
    • kaba
    • 9
    • KHW
    • 648935
650 -Hasło przedmiotowe [ ,7]
    • a
    • Hasło przedmiotowe
    • Homoseksualiści (mężczyźni)
    • z
    • Określnik geograficzny
    • Stany Zjednoczone.
    • 2
    • Źródło terminu
    • kaba
    • 9
    • KHW
    • 648936
650 -Hasło przedmiotowe [ ,7]
    • a
    • Hasło przedmiotowe
    • Homoseksualiści (mężczyźni)
    • x
    • Określnik rzeczowy
    • w mass mediach.
    • 2
    • Źródło terminu
    • kaba
    • 9
    • KHW
    • 648937
650 -Hasło przedmiotowe [ ,7]
    • a
    • Hasło przedmiotowe
    • Mass media
    • z
    • Określnik geograficzny
    • Stany Zjednoczone.
    • 2
    • Źródło terminu
    • kaba
    • 9
    • KHW
    • 506974
651 -Hasło przedmiotowe w formie nazwy geograficznej [ ,7]
    • a
    • Nazwa geograficzna
    • Stany Zjednoczone
    • x
    • Określnik rzeczowy
    • sytuacja społeczna
    • y
    • Określnik chronologiczny
    • 1980-.
    • 2
    • Źródło terminu
    • kaba
    • 9
    • KHW
    • 131019
980 -Symbol UKD [ , ]
    • a
    • UKD
    • 316.7:316.77:316.837](73)"1980/..."=111
700 -Hasło dodatkowe - nazwa osobowa [1, ]
    • a
    • Nazwa osobowa (NP)
    • Gross, Larry Find
    • d
    • Daty biograficzne (NP)
    • (1942- ).
    • e
    • Określenie rodzaju współpracy
    • Wyd.
    • 9
    • KHW
    • 649815
700 -Hasło dodatkowe - nazwa osobowa [1, ]
    • a
    • Nazwa osobowa (NP)
    • Woods, James D. Find
    • e
    • Określenie rodzaju współpracy
    • Wyd.
    • 9
    • KHW
    • 649823
920 -ISBN [ , ]
    • a
    • ISBN
    • 0-231-10446-4 Find
920 -ISBN [ , ]
    • a
    • ISBN
    • 0-231-10447-2 Find
    • q
    • Dopowiedzenie
    • pbk.
Numer inwentarzowy Lokalizacja Data inwentaryzacji Status udost. Sygnatura
A.8367BM2009-03-051ANG. Gender studies 23